000 01130cam a22003257a 4500
003 CHAP
005 20220329142237.0
008 000323d1998 UK ab r 00010 ENG d
010 _a80484
011 _a81456
020 _a0851989942
035 _a91928
040 _cCHAP
082 0 4 _a634.927
_bB7
100 0 0 _aBruening, Eberhard F.
_eed.
_915745
245 1 0 _aConservation and management of tropical rainforests :
_ban integrated approach to sustainability
_c/ed. by Eberhard F. Bruening
260 _aWallingford, UK :
_bCAB International,
_c1998.
300 _a339 p. :
_bilus. ; grafs. ; mapas
590 _aBATCH-UPD
_b10
_c20130110
_lUCH01
_h0608
590 _aBATCH-UPD
_b10
_c20130410
_lUCH01
_h0250
590 _aBATCH-UPD
_b10
_c20130914
_lUCH01
_h0721
590 _aCONVERSION
_b10
_c20130109
_lUCH01
_h1345
650 1 4 _aBosques
_xTrópicos.
_914401
650 1 4 _aEcología forestal.
_935176
650 1 4 _aRecursos forestales
_xTrópicos.
_995068
901 _aBK
905 _aBlanca M. García O.
942 _cLIBRO
949 _a634.927 B7
_bBC
_cLIBRO
_d33724000772364
_eLIBRO
_gI. 203419
_h97574
_i91928
_si
_t$1,423.00
999 _c80484
_d80484